[Event "Mindelo op"]
[Site "Mindelo"]
[Date "2022.04.22"]
[Round "1"]
[White "Galego, Luis"]
[Black "Neves, Diogo Alexandre"]
[Result "1-0"]
[WhiteElo "2474"]
[BlackElo "1555"]
[PlyCount "77"]
[EventDate "2022.04.22"]
[EventType "swiss"]
[EventRounds "9"]
[EventCountry "KAP"]
[SourceTitle "CBM 208 Extra"]
[Source "ChessBase"]
[SourceDate "2022.07.31"]
[SourceVersion "1"]
[SourceVersionDate "2022.07.31"]
[SourceQuality "1"]

1. e4 c6 2. d4 d5 3. e5 Bf5 4. h4 h6 5. g4 Be4 6. f3 Bh7 7. Bd3 Bxd3 8. Qxd3 e6 9. Be3 Qb6 10. Nc3 Bb4 11. Nge2 Ne7 12. 0-0-0 Bxc3 13. Qxc3 Na6 14. Nf4 0-0-0 15. Kb1 Qb4 16. Qxb4 Nxb4 17. Nh5 Rdg8 18. f4 Na6 19. Rdf1 g6 20. Nf6 Rf8 21. h5 Nc7 22. Rf2 Ng8 23. hxg6 fxg6 24. Nxg8 Rfxg8 25. Rfh2 g5 26. fxg5 Rg6 27. Rh4 Kd7 28. gxh6 Rh7 29. Rf1 Ke7 30. g5 Ne8 31. Rhh1 a6 32. Kc1 b5 33. Kd2 Ng7 34. hxg7 Rxh1 35. Rxh1 Rxg7 36. Ke2 Kf7 37. Kf3 Kg6 38. Rh6+ Kf5 39. Rf6# 1-0